000 00388nam a2200157Ia 4500
008 241014s9999||||xx |||||||||||||| ||und||
020 _a9781580539036
060 _aT 568 L 2004
100 _aLeach, Lawrence P.
245 0 _aCritical Chain Project Management
250 _a2nd Ed. / 2004
260 _aBoston
_bArtech
300 _a263
650 _aManagement
942 _bIBHM
_cBK
999 _c16372
_d16372